| 000 | 01262nam a22002897a 4500 | ||
|---|---|---|---|
| 003 | OSt | ||
| 005 | 20221213104927.0 | ||
| 007 | cr ||||||a|c|a | ||
| 008 | 221201b2021 mx ||||fom||| 001 0 spa d | ||
| 040 | _erda | ||
| 100 | 1 |
_9185796 _aGonzález González, Armando Abel |
|
| 245 | 1 |
_aCanadá como alternativa para la exportación de mezcal / _cpor Armando Abel González González y Flor de Abril Moscoso Mejía; director de tesis José Samuel Banda Arrieta |
|
| 264 | 1 |
_aChapingo, México : _bEl autor, _c2021. |
|
| 300 |
_a1 recurso en línea (104 páginas). _bgráficas, mapas |
||
| 336 |
_2rdacontent _atexto _btxt |
||
| 337 |
_2rdamedia _acomputadora _bc |
||
| 338 |
_2rdacarrier _arecurso en línea _bcr |
||
| 502 |
_bLCI _cDICEA _d2021. _gLIC |
||
| 504 | _aIncluye referencias bibliográficas: páginas 100-103 | ||
| 650 | 4 |
_975356 _aMezcal _xExportación |
|
| 650 | 4 |
_9133296 _aMezcal _xEstudios de mercado |
|
| 650 | 4 |
_975357 _aMezcal _xMercadeo |
|
| 700 | 1 |
_99930 _aBanda Arrieta, José Samuel _eDirector de tesis |
|
| 700 | 1 |
_9185797 _aMoscoso Mejía, Flor de Abril |
|
| 856 |
_uhttp://10.13.5.2/tesis/tl/2021_EA_Gonzalez_Gonzalez_ArmandoAbel-Moscoso_Mejia_FlordeAbril.pdf _zDESCARGAR PDF |
||
| 942 |
_2Clasificación Universidad Autónoma Chapingo _cTD |
||
| 999 |
_c217920 _d217920 |
||